00574nam a2200205 a 450000100060000000300090000600800410001502000150005604000280007108200170009910000310011624500320014726000300017930000110020949000310022050500190025165000220027065000340029265000420032615267CO-ViMGA141112s2004 ck r 000 u spa d a9586901688 aCO-ViMGAbspacCO-ViMGA04a362.29 C656e1 aRuiz Salazar, Jose Armando10aEstatuto de estupefacientes aBogotá, cLeyer, c2002 a280.p. aColección codigos Brevis aLey 30 de 198614aCONTROL DE DROGAS14aESTUPEFACIENTES - LEGISLACION14aNARCOTRAFICO - LEGISLACION - COLOMBIA